Himno del FC Barcelona - Statistics

General Stats
  • This quiz has been taken 29 times
  • The average score is 72 of 89
Answer Stats
% Correct
blaugrana
100%
Blaugrana
100%
Blaugrana
100%
camp
100%
el
100%
el
100%
el
100%
és
100%
gent
100%
la
100%
o
100%
som
100%
Tot
100%
un
100%
un
100%
un
100%
un
100%
un
100%
bandera
95%
Barça,
95%
Barça,
95%
Barça!
95%
Barça,
95%
Barça,
95%
Barça!
95%
clam
95%
del
95%
del
95%
estem
95%
estem
95%
no
95%
nord
95%
si
95%
sud
95%
una
95%
al
85%
al
85%
ara
85%
crit
85%
crit
85%
val
85%
valent
85%
valent
85%
venim
85%
d'acord,
80%
d'acord,
80%
d'on
80%
que
80%
que
80%
se
80%
vent
80%
vent
80%
fem
75%
nom
75%
nom
75%
sap
75%
sap
75%
Seguidors
75%
Tant
75%
tenim
75%
tenim
75%
cridat
70%
Jugadors
70%
tothom:
70%
tothom:
70%
tots
70%
anys
65%
força
65%
gols
65%
ningú
65%
tòrcer
65%
units
65%
agermana
60%
hem
60%
molts
60%
molts
60%
s'ha
60%
s'ha
60%
Són
60%
són
60%
demostrat,
55%
demostrat,
55%
ens
55%
ens
55%
i
55%
mai
55%
podrà
50%
plens
40%
d'afanys,
35%
No matching quizzes found
Score Distribution
Percent of People with Each Score
Percentile by Number Answered
Your Score History
You have not taken this quiz